000 00749nam a2200205 i 4500
001 115491
003 ES-MaACL
005 20250806070425.0
007 t|
008 070312s1882 sp ||||1| spa d
100 1 _aSinéty, Louis de.
_9106617
245 1 0 _aManual práctico de ginecología y de las enfermedades de las mujeres /
_cpor L. de Sinéty ; versión española de la Biblioteca Económica.
260 _aMadrid :
_b[s.n.],
_c1882 (
_fImp. Enrique Teodoro)
300 _a528 p. :
_bil. ;
_c23 cm.
490 1 _aBiblioteca económica de medicina y cirujía
650 0 4 _aGinecología.
_913119
830 0 _aBiblioteca económica de medicina y cirujía
_9186248
852 _aES-MaACL
_jB-12710
999 _c115491
_d115491